000 00413nam a2200181Ia 4500
001 10784
005 20260306161857.0
008 260306t1975||||xx |||||||||||||| ||spa||
041 _aESP
082 _a951
_bS42
100 _aServert, J. N.
_eAUT
245 0 _aChina, gigante del Este
260 _c1975
300 _a156 páginas :
_c18 cm.
650 _aGEN
654 _aCHU
942 _cLIB
_dJUS
_fJUS
_2ddc
_n
999 _c10784
_d10784